000 01244nam a22003257a 4500
003 CHAP
005 20220329143616.0
008 010212s2010 fr rs o00010 spa d
010 _a99223
011 _a100195
020 _a9786074940817
035 _a110881
040 _cCHAP
082 1 4 _a330.972
_bIn31
110 2 _aInstituto Nacional de Estadística, Geografía e Informática. México
_959304
245 1 0 _aResultados oportunos :
_bcifras preliminares : censos económicos 2009
_c/por Instituto Nacional de Estadística, Geografía e Informática
260 _aAguascalientes, Ags. :
_bINEGI,
_c2010
300 _aviii, 104 :
_bcuadros, gráfs., mapas
590 _aBATCH-UPD
_b10
_c20130110
_lUCH01
_h1700
590 _aBATCH-UPD
_b10
_c20130410
_lUCH01
_h1048
590 _aBATCH-UPD
_b10
_c20130914
_lUCH01
_h1634
590 _aCONVERSION
_b10
_c20130109
_lUCH01
_h1355
650 1 4 _aIndustria
_xEstadísticas
_zMéxico.
_957721
650 1 4 _aInstituto Nacional de Estadística, Geografía e Informática. México
_959305
650 1 4 _aMéxico
_xCondiciones económicas
_xEstadísticas.
_976726
901 _aBK
911 _aen proceso
942 _cLIBRO
949 _a330.972 In31
_bBC
_cINEGI
_d33724002217181
_eINEGI
_h113411
_i110881
_sb
999 _c99223
_d99223